| 000 | 00528nam a22001457a 4500 | ||
|---|---|---|---|
| 999 |
_c511658 _d511658 |
||
| 008 | 191001b ||||| |||| 00| 0 eng d | ||
| 100 |
_aBlanchflower, David G. _911749 |
||
| 245 | _aUnhappiness and pain in modern America: a review essay, and further evidence, on Carol Graham's happiness for all? | ||
| 260 | _bJournal of Economic Literature | ||
| 300 | _a57(2), Jun, 2019: p.385-402. | ||
| 700 |
_aOswald, Andrew J. _911750 |
||
| 773 | _aJournal of Economic Literature | ||
| 906 | _aHappiness - United States | ||
| 942 | _cAR | ||